| 000 | 00964cam a22002891 4500 | ||
|---|---|---|---|
| 001 | 23221 | ||
| 003 | BD-RjUL | ||
| 005 | 20211209000915.0 | ||
| 008 | 140310s1923 xx 000 0 eng | ||
| 035 | _a(BD-RjUL)23286 | ||
| 035 | _a(OCoLC)5061103 | ||
| 040 |
_aDLC _cOCl _dDLC _beng |
||
| 041 | _aeng | ||
| 082 |
_a915.4 _bHEH 1923 |
||
| 100 | 1 |
_aHeber, Reginald, _d1783-1826. _971578 |
|
| 245 | 0 | 0 |
_aHeber's Indian journal, _ba selection, with an introduction _cby P. R. Krishnaswami. |
| 260 |
_aLondon [etc.] : _bH. Milford, Oxford university press, _c1923. |
||
| 300 |
_axiv, 221 p. incl. front. ; _c19 cm. |
||
| 490 | 0 | _aAn Eastern library, no. III | |
| 500 | _aSelections from the "Narrative" of Bishop Heber's journeys, 1824-26. | ||
| 651 | 0 |
_aIndia _xDescription and travel. _971579 |
|
| 651 | 0 |
_aIndia _xSocial life and customs. _971580 |
|
| 700 | 1 |
_aKrishnasvÄmi, P. R. _971581 |
|
| 942 |
_2ddc _cBK |
||
| 999 |
_c23221 _d23221 |
||